000 01072nam a2200325 a 4500
001 24339
003 CO-ViMGA
008 141112s2004 ck r 000 u spa d
020 _a9789583005220
040 _aCO-ViMGA
_bspa
_cCO-ViMGA
041 _aSPA
090 _aP VAS1
100 1 _aVasco, Irene, 1952 -
_91899
245 1 0 _aConjuros y sortilegios /
_cIrene Vasco ; ilustrado por Juanita Isaza
250 _a1a ed., 4a reimpr.
260 _aBogotá :
_bPanAméricana,
_c2007
300 _a29 p. : il. : il.
490 _aOA Infantil
500 _aISBN : 958 - 30 - 0522 - 3 con 1a ed., 2a reimpr. de 2002
650 1 4 _aAUTORES COLOMBIANOS
_932
650 1 4 _aBRUJAS - POESIA
_935622
650 1 4 _aDESDE LOS 9 AÑOS
_933
650 1 4 _aENCANTAMIENTOS - POESIA
_935623
650 1 4 _aILUSTRADORES COLOMBIANOS
_935624
650 1 4 _aLEER ES MI CUENTO - COLECCION 2011
_935625
650 1 4 _aLIBROS DE IMAGENES
_929438
650 1 4 _aPOESIA INFANTIL COLOMBIANA - SIGLO XX
_935626
700 1 _aIsaza Merchán, Juanita, NULL - NULL
_935627
942 _2ddc
_cBK
999 _c2236
_d2236